000 01503nam a2200349 a 4500
001 ebr10733328
003 CaPaEBR
006 m o u
007 cr cn|||||||||
008 150303s2013 enkab sb 001 0 eng d
020 _z9780470658635
020 _z9781118679814 (e-book)
040 _aCaPaEBR
_cCaPaEBR
035 _a(OCoLC)857078252
043 _aw------
050 1 4 _aQH77.T78
_b.C667 2013eb
082 0 4 _a333.720913
_223
245 0 0 _aConservation biology
_h[electronic resource] :
_bvoices from the tropics /
_c[edited by] Navjot S. Sodhi, Luke Gibson, Peter H. Raven.
260 _aChichester, West Sussex, U.K. :
_bWiley-Blackwell,
_cc2013.
300 _a1 online resource (xxiv, 264 p.) :
_bill. (some col.), maps, graph.
504 _aIncludes bibliographical references at the end of each chapters and index.
533 _aElectronic reproduction.
_bPalo Alto, Calif. :
_cebrary,
_d2015.
_nAvailable via World Wide Web.
_nAccess may be limited to ebrary affiliated libraries.
588 _aDescription based on online resource; title from title page (ebrary, viewed July 30, 2013).
650 0 _aNature conservation
_zTropics.
650 0 _aConservation biology
_zTropics.
655 7 _aElectronic books.
_2local
700 1 _aSodhi, Navjot S.
700 1 _aGibson, Luke.
700 1 _aRaven, Peter H.
710 2 _aebrary, Inc.
856 4 0 _uhttp://site.ebrary.com/lib/rucke/Doc?id=10733328
_zAn electronic book accessible through the World Wide Web; click to view
999 _c36323
_d36323